| 000 | 00591nam a2200193 u 4500 | ||
|---|---|---|---|
| 005 | 20230126063539.0 | ||
| 008 | 190312s2014 r 000 0 eng d | ||
| 035 | _aUPN01000229550 | ||
| 049 | _aF | ||
| 050 | 4 |
_aPN59 _bP7.6 |
|
| 245 | 0 | 0 | _aProyecto círculos de expresión literaria en escuelas de nivel medio superior. |
| 260 |
_aMéxico : _bUNICEF, _c[2014]. |
||
| 300 |
_a30 p. : _bcuadros, il. |
||
| 440 | 0 | _aBuenas prácticas | |
| 650 | 4 |
_aLiteratura _xEstudio y enseñanza (Media superior) _99683 |
|
| 650 | 2 |
_aExpresión artística _99161 |
|
| 905 | _aLibro | ||
| 999 |
_c201645 _d201645 |
||